000 00536nam a22001937a 4500
003 KOHA_MİRAKIL
005 20250930153408.0
008 250930b tu ||||| |||| 00| 0 tur d
020 _a9786059203418
040 _aTR-AnABB
_btur
_cTR-AnABB
041 _atur
082 _a891.8235
_bSPA 2018
100 1 _aSpahic, Ogjen,
245 1 0 _aHansen'in evlatları /
_cOgnjen Spajıc
260 _aİstanbul :
_bDedalus Kitap,
_c2018
300 _a176 sayfa ;
_c20 cm
650 0 4 _aKaradağ edebiyatı, roman
942 _2ddc
_cBK
999 _c8990
_d8990
900 _bGizem YORULMAZ